Fundadores de imperios - Estadísticas

Estadísticas generales
  • Esta prueba ha sido intentada 42 veces
  • La puntuación promedio es 8 de 25
Estadísticas de respuestas
Imperio Fundador % Correcto
Imperio Nazi Adolf Hitler
89%
Imperio romano Augusto
83%
Imperio Macedónico Alejandro Magno
74%
Imperio Carolingio Carlomagno
74%
Imperio Aleman Guillermo I / Bismarck
71%
1er Imperio Francés Napoleón Bonaparte
71%
Imperio mongol Gengis Kan
51%
Imperio Brasileño Pedro I
49%
Imperio Bizantino Constantino I
46%
Imperio Persa (Aqueménida) Ciro el grande
40%
Sacro Imperio Romano Germanico Otón I
37%
Imperio Británico (Posible fundador/a al ser su reinado las bases para este) Isabel I
23%
Imperio Timúrida Tamerlán
23%
Imperio Austriaco Francisco I
20%
Imperio Ruso Pedro el grande
20%
1er Imperio Mexicano Agustín de Iturbide
14%
Imperio Angevino Enrique II
14%
Imperio Otomano Osman I
11%
Imperio Acadio Sargón el grande
11%
Imperio Japonés Meiji
6%
Imperio Inca Pachacútec
6%
1er Imperio Chino (Dinastía Qin) Qin Shi Huang
6%
Imperio Sueco Gustavo II Adolfo
3%
Imperio Babilónico Nabopolasar
0%
Imperio Mali Sundiata Keita
0%
No se encontraron pruebas coincidentes
Distribución de puntuación
Porcentaje de gente con cada puntuación
Porcentaje por número respondido
Historial de tus puntuaciones
No has intentado esta prueba.